| 000 | 00492nam a2200181Ia 4500 | ||
|---|---|---|---|
| 008 | 240925s9999 xx 000 0 und d | ||
| 020 | _a020170059X | ||
| 082 | _a530 YOU | ||
| 100 | _aYoung, Hugh .D; Freedman, Robart A. | ||
| 245 | 0 | _aUniversity Physics: with modern physics | |
| 250 | _a12th | ||
| 260 |
_aNew York: _bFree Press _c,2000. |
||
| 300 |
_avi,330p. _bNA _fOriginal |
||
| 500 | _aIncludes Index | ||
| 600 | _aHumanities & Natural Science | ||
| 650 | _aPhysics | ||
| 942 | _cBK | ||
| 999 |
_c3705 _d3705 |
||